[Event "FRA-chT4 1516"]
[Site "Champagne Ardennes"]
[Date "2015.10.04"]
[Round "1"]
[White "Barbier, Alexandre"]
[Black "Garnier, Mickael"]
[Result "0-1"]
[WhiteElo "1496"]
[BlackElo "1613"]
[PlyCount "88"]
[EventDate "2015.12.06"]
[EventType "team-tourn"]
[EventRounds "7"]
[EventCountry "FRA"]
[SourceTitle "EXT 2024"]
[Source "ChessBase"]
[SourceDate "2023.10.10"]
[SourceVersion "1"]
[SourceVersionDate "2023.10.10"]
[SourceQuality "1"]

1. e4 d6 2. d4 Nf6 3. Nc3 e5 4. d5 Nbd7 5. Be3 Be7 6. Nf3 Nb6 7. Be2 Bd7 8. b3 c6 9. Qd3 cxd5 10. exd5 Rc8 11. Nd2 g6 12. Nde4 Bf5 13. Bf3 Rxc3 14. Nxf6+ Bxf6 15. Qxc3 e4 16. Qd2 Bxa1 17. Be2 Qc7 18. c4 Bg7 19. 0-0 0-0 20. g4 Bd7 21. Bh6 f5 22. Bxg7 Kxg7 23. Qd4+ Kg8 24. f4 Qc5 25. Qxc5 dxc5 26. g5 Nc8 27. Kg2 Nd6 28. Re1 Rb8 29. Rc1 b6 30. Kf2 Kg7 31. h4 h6 32. Kg3 hxg5 33. hxg5 Rh8 34. Kg2 a5 35. Rc3 Rh4 36. Rc1 e3 37. Kg3 Rh8 38. Bf3 Ne4+ 39. Bxe4 fxe4 40. Re1 Bf5 41. Rxe3 Rh3+ 42. Kf2 Rh2+ 43. Kg3 Rxa2 44. d6 Rd2 0-1

[Event "FRA-chT4 1314"]
[Site "Champagne Ardennes"]
[Date "2014.02.02"]
[Round "5"]
[White "Barbier, Alexandre"]
[Black "Marchal, Ludovic"]
[Result "0-1"]
[WhiteElo "1260"]
[BlackElo "1550"]
[PlyCount "108"]
[EventDate "2013.10.25"]
[EventType "team-tourn"]
[EventRounds "7"]
[EventCountry "FRA"]
[SourceTitle "EXT 2024"]
[Source "ChessBase"]
[SourceDate "2023.10.10"]
[SourceVersion "1"]
[SourceVersionDate "2023.10.10"]
[SourceQuality "1"]

1. e4 e6 2. d4 d5 3. e5 c5 4. Qg4 cxd4 5. Nf3 Nc6 6. Bd3 Nge7 7. 0-0 Ng6 8. Re1 Bc5 9. h4 Qc7 10. Qg3 Bf8 11. h5 Nge7 12. Qg4 Bd7 13. Nbd2 0-0-0 14. Nb3 Kb8 15. Nfxd4 Nb4 16. Nb5 Bxb5 17. Qxb4 Bxd3 18. cxd3 Nc6 19. Qa4 Qb6 20. d4 Qb4 21. Qxb4 Nxb4 22. Re2 h6 23. Bd2 Rc8 24. a3 Nc6 25. Rc1 Be7 26. Bc3 Rhf8 27. f4 b6 28. Nd2 Nxd4 29. Ree1 Nb5 30. Red1 Nxc3 31. bxc3 Bxa3 32. Rc2 Bc5+ 33. Kf1 Be3 34. g3 f6 35. Nf3 Rc7 36. Ke2 Bc5 37. Rd3 Rfc8 38. g4 Re7 39. g5 f5 40. g6 Kb7 41. c4 dxc4 42. Rxc4 Rcc7 43. Nd2 Red7 44. Rdc3 Rd4 45. Nb3 Rxc4 46. Rxc4 Kc6 47. Nd4+ Kd5 48. Nb5 Rd7 49. Rc3 a6 50. Rd3+ Kc6 51. Rxd7 Kxd7 52. Nc3 b5 53. Kd3 Kc6 54. Kc2 a5 0-1